000 01042nam a2200289 i 4500
003 EG-ScBUE
005 20241017084716.0
008 110412s2009 enk f b 001 0 eng d
020 _a0521514967
020 _a9780521514965
040 _aEG-ScBUE
_beng
_erda
_cEG-ScBUE
_dEG-ScBUE
082 0 4 _222
_a515.7246
_bBAY
100 1 _922997
_aBayart, Frédéric‏,
_eauthor.
245 1 0 _aDynamics of linear operators /
_cFrédéric‏ Bayart, Université de Clermont-Ferrand, France, Étienne Matheron, Université d'Artois, France.
264 1 _aCambridge :
_bCambridge University Press,
_c2009.
300 _axiv, 337 pages ;
_c24 cm.
336 _2rdacontent
_atext
_btxt
337 _aunmediated
_2rdamedia
_bn
338 _avolume
_bnc
_2rdacarrier
490 0 _aCambridge tracts in mathematics ;
_v179
504 _aIncludes bibliographical references and index.
650 7 _922996
_aLinear operators.
_2BUEsh
653 _cApril2011
655 _vReading book
700 1 _922998
_aMatheron, Étienne‏,
_eauthor.
942 _2ddc
_cBB
999 _c15096
_d15096